Music Quiz

Random Music Quiz

Mcfly trivia Quiz Stats

 Plays Quiz not verified by Sporcle

Challenge
Share
Tweet
Embed
Score 0/20 Timer 05:00
0 Plays Today
Questions Answers % Correct
which member hates bananas?Tom
91.6%
where is Danny from?Bolton
87.5%
what game show did Tom take part in?The Cube
85.4%
what is Dougie's middle nameLee
81.2%
which song did Tom write for Giovanna?All About You
79.8%
what musical did Tom star in when he was 10?Oliver
75.3%
what was Mcfly's first single?Five Colours in her Hair
69%
what does the tattoo on Harry's wrist say?a tattoo
68.6%
which song contains these lyrics; 'outside it's raining'Room on the Third Floor
61.7%
what is the name of Danny's sister?Vicky
61%
Questions Answers % Correct
which mcfly music video is set in Danny's garden?Star Girl
58.5%
in which country did Mcfly record Radio:Active?Australia
57.5%
which Busted video features Harry Judd?Crashed the Wedding
57.5%
what was the name of Harry's dance partner on 'Strictly Come Dancing'?Aliona Vilani
52.6%
what is the name of the clothing line started by Dougie and released in 2012Saint Kidd
52.3%
who is Keith GardenerDanny's gardener
47.7%
what was the name of their 2012 tour?Keep Calm and Play Louder
46.3%
where was the video for 'you've got a friend' shotUganda
40.1%
where was Dougie born?Corringham
26.1%
what song did mcfly write for 'top gear of the pops'sofa, hyundai, administration
20.2%

You're not logged in!

Compare scores with friends on all Sporcle quizzes.
OR
Log In

You Might Also Like...

Show Comments

Extras

Created Apr 29, 2012ReportNominate
Tags:mcfly

Top Quizzes Today


Score Distribution

Your Account Isn't Verified!

In order to create a playlist on Sporcle, you need to verify the email address you used during registration. Go to your Sporcle Settings to finish the process.

Report this User

Report this user for behavior that violates our Community Guidelines.

Details: